Entry Personal Name
Number of records used in: 2
001 - CONTROL NUMBER
003 - CONTROL NUMBER IDENTIFIER
005 - DATE AND TIME OF LATEST TRANSACTION
- control field:
20160526143818.0
008 - FIXED-LENGTH DATA ELEMENTS
- fixed length control field:
160526|| aca||aabn | a|a d
040 ## - CATALOGING SOURCE
- Original cataloging agency:
OSt
- Transcribing agency:
OSt
100 ## - HEADING--PERSONAL NAME
- Personal name:
Jaini S.P. & Narang K.L.
670 ## - SOURCE DATA FOUND
- Source citation:
Work cat.: (OSt): Jaini S.P. & Narang K.L., Cost Accounting